| 000 -LEADER |
| fixed length control field |
02419nam a2200469Ma 4500 |
| 001 - CONTROL NUMBER |
| control field |
286412018 |
| 003 - CONTROL NUMBER IDENTIFIER |
| control field |
OCoLC |
| 005 - DATE AND TIME OF LATEST TRANSACTION |
| control field |
20210411114216.0 |
| 006 - FIXED-LENGTH DATA ELEMENTS--ADDITIONAL MATERIAL CHARACTERISTICS |
| fixed length control field |
m d |
| 007 - PHYSICAL DESCRIPTION FIXED FIELD--GENERAL INFORMATION |
| fixed length control field |
cr cn|---||||| |
| 008 - FIXED-LENGTH DATA ELEMENTS--GENERAL INFORMATION |
| fixed length control field |
081210s2009 dcua sb 001 0 eng d |
| 020 ## - INTERNATIONAL STANDARD BOOK NUMBER |
| International Standard Book Number |
1934465135 |
| 020 ## - INTERNATIONAL STANDARD BOOK NUMBER |
| International Standard Book Number |
9781934465134 |
| 035 ## - SYSTEM CONTROL NUMBER |
| System control number |
(OCoLC)286412018 |
| 040 ## - CATALOGING SOURCE |
| Original cataloging agency |
UMM |
| Transcribing agency |
UMM |
| 049 ## - LOCAL HOLDINGS (OCLC) |
| Holding library |
YYEA |
| 080 ## - UNIVERSAL DECIMAL CLASSIFICATION NUMBER |
| Universal Decimal Classification number |
61 |
| Item number |
A-35 |
| 096 ## - LOCALLY ASSIGNED NLM-TYPE CALL NUMBER (OCLC) |
| Classification number |
W 18.2 I61 2009 |
| 100 1# - MAIN ENTRY--PERSONAL NAME |
| Personal name |
Alguire, Patrick C. |
| 245 10 - TITLE STATEMENT |
| Title |
Internal medicine essentials for clerkship students 2 / |
| Medium |
[electronic resource] |
| Statement of responsibility, etc. |
Patrick C. Alguire ; American College of Physicians, Clerkship Directors in Internal Medicine. |
| 260 ## - PUBLICATION, DISTRIBUTION, ETC. |
| Place of publication, distribution, etc. |
[Washington, D.C.] : |
| Name of publisher, distributor, etc. |
ACP Press, |
| Date of publication, distribution, etc. |
c2009. |
| 300 ## - PHYSICAL DESCRIPTION |
| Extent |
346 p. |
| Other physical details |
color plates 8 p. |
| 365 ## - TRADE PRICE |
| Price amount |
16.48 usd |
| 500 ## - GENERAL NOTE |
| General note |
EINSTEIN: available online via R2. See Reference staff for assistance. |
| 500 ## - GENERAL NOTE |
| General note |
EINSTEIN: Contributors include Eric H. Green and Hanah Polotsky. |
| 504 ## - BIBLIOGRAPHY, ETC. NOTE |
| Bibliography, etc. note |
Includes bibliographical references and index. |
| 520 ## - SUMMARY, ETC. |
| Summary, etc. |
A collaboration of the American College of Physicians and the Clerkship Directors in Internal Medicine, this new edition was written by authors who helped design the internal medicine curriculum and who are actively involved in teaching students on the Internal Medicine clerkship. Prepare for internal medicine clinical rounds and the end-of-rotation exam with the fully revised and updated Internal Medicine Essentials for Clerkship Students 2! This new edition is organized around the major training areas included in the nationally recognized Core Medicine Clerkship Curriculum Guide. |
| 590 ## - LOCAL NOTE (RLIN) |
| Local note |
c.1 10038371 Majors 11/20/08 450.00. |
| 590 ## - LOCAL NOTE (RLIN) |
| Local note |
c.2 Ritt 1/4/13 $179.10. |
| 650 12 - SUBJECT ADDED ENTRY--TOPICAL TERM |
| Topical term or geographic name entry element |
Internal Medicine |
| Form subdivision |
Problems and Exercises. |
| 650 10 - SUBJECT ADDED ENTRY--TOPICAL TERM |
| Topical term or geographic name entry element |
Medicine |
| 9 (RLIN) |
69 |
| 650 22 - SUBJECT ADDED ENTRY--TOPICAL TERM |
| Topical term or geographic name entry element |
Clinical Clerkship |
| Form subdivision |
Problems and Exercises. |
| 653 ## - INDEX TERM--UNCONTROLLED |
| Uncontrolled term |
მედიცინა |
| 653 ## - INDEX TERM--UNCONTROLLED |
| Uncontrolled term |
შინაგანი მედიცინა |
| 653 ## - INDEX TERM--UNCONTROLLED |
| Uncontrolled term |
შინაგანი მედიცინის კლერკშიფი |
| 655 #7 - INDEX TERM--GENRE/FORM |
| Genre/form data or focus term |
Electronic books. |
| 710 2# - ADDED ENTRY--CORPORATE NAME |
| Corporate name or jurisdiction name as entry element |
American College of Physicians. |
| 710 2# - ADDED ENTRY--CORPORATE NAME |
| Corporate name or jurisdiction name as entry element |
Clerkship Directors in Internal Medicine. |
| 710 2# - ADDED ENTRY--CORPORATE NAME |
| Corporate name or jurisdiction name as entry element |
R2 Library (Online service) |
| 856 4# - ELECTRONIC LOCATION AND ACCESS |
| Uniform Resource Identifier |
<a href="https://elibrary.einsteinmed.org/login?url=https://www.R2Library.com/marc_frame.aspx?ResourceID=969">https://elibrary.einsteinmed.org/login?url=https://www.R2Library.com/marc_frame.aspx?ResourceID=969</a> |
| Public note |
EINSTEIN: R2 Library ebook collection |
| 942 ## - ADDED ENTRY ELEMENTS (KOHA) |
| Source of classification or shelving scheme |
|
| Koha item type |
Books |